[Event "Xtracon Chess Open 2016"]
[Site "Helsingor DEN"]
[Date "2016.07.24"]
[Round "3.3"]
[White "Percivaldi, Martin"]
[Black "Shirov, Alexei"]
[Result "1/2-1/2"]
[WhiteTitle "FM"]
[BlackTitle "GM"]
[WhiteElo "2347"]
[BlackElo "2674"]
[WhiteFideId "1508148"]
[BlackFideId "2209390"]
[EventDate "2016.07.23"]

1. d4 Nf6 2. c4 e6 3. Nf3 b6 4. g3 Ba6 5. b3 b5 6. c5 d6 7. cxd6 cxd6 8. Bg2 d5
9. O-O Nc6 10. Bf4 Be7 11. a3 b4 12. axb4 Nxb4 13. Nc3 O-O 14. Qd2 Bb7 15. Rfc1
a5 16. Na4 Ne4 17. Qb2 Rc8 18. Rxc8 Qxc8 19. Rc1 Qa8 20. Ne5 Rc8 21. Nd7 Rxc1+
22. Qxc1 Bc6 23. Ndc5 Nxc5 24. Nxc5 Bb5 25. Bf1 Qc6 26. Bd2 e5 27. Bxb4 axb4 28.
e3 Bxf1 29. Kxf1 f5 30. Kg1 e4 31. h4 Kf7 32. Qa1 Bxc5 33. Qc1 g6 34. dxc5 Ke6
35. Qc2 Kd7 36. Kg2 Qb5 37. Qc1 Qc6 38. Qc2 Qb5 39. Qc1 Qc6 1/2-1/2

[Event "Xtracon Chess Open 2016"]
[Site "Helsingor DEN"]
[Date "2016.07.24"]
[Round "3.4"]
[White "Dreev, Aleksey"]
[Black "Petersen, Tom Petri"]
[Result "1-0"]
[WhiteTitle "GM"]
[BlackTitle "FM"]
[WhiteElo "2664"]
[BlackElo "2346"]
[WhiteFideId "4100107"]
[BlackFideId "1403486"]
[EventDate "2016.07.23"]

1. d4 g6 2. g3 Bg7 3. Bg2 Nf6 4. e4 d6 5. Ne2 O-O 6. Nbc3 e5 7. h3 Nc6 8. Be3
exd4 9. Nxd4 Nxd4 10. Bxd4 Bd7 11. O-O Re8 12. Qd3 a5 13. Rfe1 Bc6 14. Rad1 Nd7
15. f4 Bxd4+ 16. Qxd4 Qb8 17. h4 b5 18. e5 dxe5 19. fxe5 Bxg2 20. Kxg2 Qb7+ 21.
Qd5 Qxd5+ 22. Rxd5 b4 23. Ne4 Nb6 24. Nf6+ Kh8 25. Rc5 Re7 26. b3 Rd8 27. g4 Kg7
28. g5 h6 29. Rxa5 Rd2+ 30. Kg3 Nd7 31. gxh6+ 1-0

[Event "Xtracon Chess Open 2016"]
[Site "Helsingor DEN"]
[Date "2016.07.24"]
[Round "3.5"]
[White "Aabling-Thomsen, Jakob"]
[Black "Amin, Bassem"]
[Result "1/2-1/2"]
[WhiteTitle "FM"]
[BlackTitle "GM"]
[WhiteElo "2344"]
[BlackElo "2654"]
[WhiteFideId "1407589"]
[BlackFideId "10601457"]
[EventDate "2016.07.23"]

1. Nf3 Nf6 2. g3 g6 3. b3 Bg7 4. Bb2 d6 5. c4 e5 6. Bg2 O-O 7. O-O e4 8. Ne1 Re8
9. Nc2 Nc6 10. Nc3 h5 11. d3 exd3 12. Qxd3 Bf5 13. Qd2 Ne4 14. Bxe4 Bxe4 15. Ne3
Qg5 16. Rad1 Nd4 17. h4 Qh6 18. Ncd5 Bxd5 19. Bxd4 Bc6 20. Bxg7 Qxg7 21. Nd5
Rac8 22. Rfe1 Re5 23. Qf4 f5 24. Qd4 b6 25. f4 Re6 26. Kf2 Bb7 27. e3 Qf7 28. e4
c5 29. Qd3 Rce8 30. exf5 gxf5 31. Rxe6 Rxe6 32. Re1 Rxe1 33. Kxe1 Bxd5 34. cxd5
Qf6 35. a4 Kg7 36. Qe3 a6 37. Kd2 b5 38. Qc3 Qxc3+ 39. Kxc3 Kf7 40. a5 Kf6 1/2-1/2

[Event "Xtracon Chess Open 2016"]
[Site "Helsingor DEN"]
[Date "2016.07.24"]
[Round "3.6"]
[White "Hammer, Jon Ludvig"]
[Black "Kramer, Julian"]
[Result "1/2-1/2"]
[WhiteTitle "GM"]
[BlackTitle "FM"]
[WhiteElo "2652"]
[BlackElo "2341"]
[WhiteFideId "1503707"]
[BlackFideId "12921742"]
[EventDate "2016.07.23"]

1. d4 Nf6 2. c4 g6 3. Nc3 d5 4. cxd5 Nxd5 5. Bd2 Bg7 6. e4 Nxc3 7. Bxc3 O-O 8.
Qd2 c5 9. d5 e6 10. Bc4 exd5 11. Bxd5 Nd7 12. Bxg7 Kxg7 13. O-O-O Nf6 14. Ne2
Nxd5 15. exd5 Bd7 16. h4 h5 17. f3 Qf6 18. Ng3 Bf5 19. Qg5 Qxg5+ 20. hxg5 Rfe8
21. Nxf5+ gxf5 22. Rxh5 f4 23. Rh4 Re5 24. Rxf4 Rxg5 25. Rd2 Rd8 26. d6 Rd7 27.
Re4 Kf6 28. Re3 Re5 29. Red3 b6 30. Kc2 Ke6 31. Kc3 b5 32. Kc2 f5 33. f4 Re4 34.
g3 c4 35. Rd5 a6 36. Kc3 Re2 37. Rxe2+ Kxd5 38. Re5+ Kc6 39. b3 cxb3 40. axb3
Rg7 41. Re3 Kxd6 42. Kb4 Kd5 43. Re5+ Kd4 44. Rxf5 Rxg3 45. Rf6 a5+ 46. Kxb5
Rxb3+ 47. Kxa5 Ke4 48. Ka4 Rf3 49. Ka5 Rxf4 50. Rxf4+ Kxf4 1/2-1/2

[Event "Xtracon Chess Open 2016"]
[Site "Helsingor DEN"]
[Date "2016.07.24"]
[Round "3.7"]
[White "McPhillips, Joseph"]
[Black "Vovk, Andriy"]
[Result "0-1"]
[WhiteTitle "FM"]
[BlackTitle "GM"]
[WhiteElo "2341"]
[BlackElo "2637"]
[WhiteFideId "422487"]
[BlackFideId "14114470"]
[EventDate "2016.07.23"]

1. e4 c5 2. Nf3 d6 3. d4 cxd4 4. Nxd4 Nf6 5. Nc3 Nc6 6. Bg5 e6 7. Qd2 a6 8.
O-O-O Bd7 9. f3 Be7 10. h4 h6 11. Be3 h5 12. Bg5 Qc7 13. Kb1 Ne5 14. g4 hxg4 15.
f4 Nc6 16. Bg2 Nxd4 17. Qxd4 Bc6 18. Qf2 O-O-O 19. Rhe1 Kb8 20. e5 g3 21. Qg1 d5
22. Ne2 Nh5 23. Bxe7 Qxe7 24. Bf3 Bb5 25. Bxh5 Rxh5 26. Nxg3 Rxh4 27. Rd4 Rg4
28. a4 Bc6 29. Qf2 Qh4 30. Re3 g5 31. Rf3 gxf4 32. Ne2 Qh1+ 33. Qf1 Qxf1+ 34.
Rxf1 f6 35. Rdxf4 Rxf4 36. Nxf4 fxe5 37. Nxe6 Re8 38. Nc5 a5 39. Rf7 Ka7 40. b3
e4 41. Kc1 d4 42. Kd2 Re5 43. Nd7 Rg5 44. Re7 Rg2+ 45. Kd1 e3 46. Ne5 Be4 47.
Rc7 Rg1+ 48. Ke2 Bg2 49. Re7 Rc1 50. Kd3 Bf1+ 51. Kxd4 e2 52. Nd3 Rxc2 53. Nf4
Kb6 54. Re6+ Kc7 55. Re7+ Kd6 56. Re6+ Kd7 57. Re5 b5 58. axb5 a4 59. Nxe2 axb3
60. b6 Bxe2 61. Re7+ Kxe7 0-1

[Event "Xtracon Chess Open 2016"]
[Site "Helsingor DEN"]
[Date "2016.07.24"]
[Round "3.8"]
[White "Naroditsky, Daniel"]
[Black "Buchal, Stephan"]
[Result "1-0"]
[WhiteTitle "GM"]
[BlackTitle "FM"]
[WhiteElo "2634"]
[BlackElo "2338"]
[WhiteFideId "2026961"]
[BlackFideId "4603915"]
[EventDate "2016.07.23"]

1. e4 g6 2. d4 Bg7 3. Nc3 d6 4. f4 a6 5. Nf3 b5 6. Bd3 Nd7 7. a4 b4 8. Ne2 c5 9.
c3 bxc3 10. bxc3 Bb7 11. Rb1 Rb8 12. O-O e6 13. f5 exf5 14. exf5 Ngf6 15. fxg6
hxg6 16. Nf4 O-O 17. Ng5 cxd4 18. cxd4 Qa5 19. h4 Bc6 20. Rxb8 Nxb8 21. Bc4 Bxa4
22. Bd2 Bxd1 23. Bxa5 Bc2 24. Bc7 Ne4 25. Nxg6 Bxd4+ 26. Kh2 Nxg5 27. Nxf8 Be5+
28. g3 Ne4 29. Rxf7 Nd2 30. Bd5 1-0

[Event "Xtracon Chess Open 2016"]
[Site "Helsingor DEN"]
[Date "2016.07.24"]
[Round "3.9"]
[White "Wadsworth, Matthew J"]
[Black "Maze, Sebastien"]
[Result "1/2-1/2"]
[WhiteTitle "FM"]
[BlackTitle "GM"]
[WhiteElo "2325"]
[BlackElo "2628"]
[WhiteFideId "415804"]
[BlackFideId "613762"]
[EventDate "2016.07.23"]

1. c4 e5 2. g3 Nf6 3. Bg2 d5 4. cxd5 Nxd5 5. Nc3 Nb6 6. Nf3 Nc6 7. O-O Be7 8. a3
O-O 9. b4 Be6 10. Rb1 f6 11. d3 Nd4 12. Nd2 c6 13. Nde4 Nd5 14. Bb2 Nxc3 15.
Bxc3 Ba2 16. Rb2 Bf7 17. Bxd4 Qxd4 18. Qc2 a5 19. bxa5 Rfb8 1/2-1/2

[Event "Xtracon Chess Open 2016"]
[Site "Helsingor DEN"]
[Date "2016.07.24"]
[Round "3.11"]
[White "Matthiesen, Martin"]
[Black "Agdestein, Simen"]
[Result "0-1"]
[WhiteTitle "FM"]
[BlackTitle "GM"]
[WhiteElo "2316"]
[BlackElo "2603"]
[WhiteFideId "1404067"]
[BlackFideId "1500015"]
[EventDate "2016.07.23"]

1. d4 f5 2. c4 e6 3. Nf3 Nf6 4. g3 d5 5. Bg2 Bd6 6. O-O c6 7. Nc3 O-O 8. Qc2 Bd7
9. Rb1 a5 10. c5 Bc7 11. a3 Be8 12. Bf4 Bxf4 13. gxf4 Nbd7 14. b4 axb4 15. axb4
Ne4 16. Ra1 h6 17. e3 Bh5 18. Qb2 Rb8 19. Ne2 g5 20. b5 Rf7 21. bxc6 bxc6 22.
Qc2 gxf4 23. exf4 Bxf3 24. Bxf3 Rg7+ 25. Bg2 Kh7 26. Ng3 Qh4 27. Ra7 Rbg8 28.
Bxe4 fxe4 29. Rb1 Nf6 30. Rbb7 Qxf4 31. Qb1 h5 32. Rxg7+ Rxg7 33. Rxg7+ Kxg7 34.
Qb7+ Kg6 35. Qxc6 e3 36. fxe3 Qxe3+ 37. Kf1 h4 38. Nh1 Qc1+ 39. Kg2 h3+ 40. Kxh3
Qf1+ 41. Kg3 Ne4+ 0-1

[Event "Xtracon Chess Open 2016"]
[Site "Helsingor DEN"]
[Date "2016.07.24"]
[Round "3.12"]
[White "Vorobiov, Evgeny E."]
[Black "Kovachev, Daniel Jakobsen"]
[Result "1-0"]
[WhiteTitle "GM"]
[BlackTitle "FM"]
[WhiteElo "2584"]
[BlackElo "2315"]
[WhiteFideId "4121341"]
[BlackFideId "1503448"]
[EventDate "2016.07.23"]

1. Nf3 d5 2. g3 Nf6 3. Bg2 e6 4. O-O Be7 5. d3 O-O 6. Nbd2 c5 7. e4 Nc6 8. Re1
b5 9. e5 Nd7 10. Nf1 a5 11. h4 b4 12. Bf4 a4 13. a3 Qb6 14. Ne3 Bb7 15. Rb1 Rfb8
16. c4 bxc3 17. bxc3 Qa6 18. c4 d4 19. Ng4 Bc8 20. Rxb8 Rxb8 21. Ng5 Nd8 22. Be4
h6 23. Nh7 Bb7 24. Nxh6+ Kh8 25. Nf6 gxf6 26. Qh5 Bxe4 27. Nf5+ Kg8 28. Qg4+ Kf8
29. Bh6+ Ke8 30. Ng7+ Kf8 31. Nxe6+ Ke8 32. Nc7# 1-0

[Event "Xtracon Chess Open 2016"]
[Site "Helsingor DEN"]
[Date "2016.07.24"]
[Round "3.13"]
[White "Bach, Matthias"]
[Black "Degraeve, Jean-Marc"]
[Result "1-0"]
[WhiteTitle "FM"]
[BlackTitle "GM"]
[WhiteElo "2296"]
[BlackElo "2579"]
[WhiteFideId "4603168"]
[BlackFideId "600270"]
[EventDate "2016.07.23"]

1. d4 d6 2. c4 e5 3. Nf3 e4 4. Nfd2 f5 5. e3 Nf6 6. Nc3 g6 7. Be2 Bg7 8. O-O O-O
9. Qc2 c5 10. dxc5 dxc5 11. Rd1 Bd7 12. a3 Nc6 13. Rb1 Rc8 14. b4 Nd4 15. exd4
cxd4 16. Bb2 dxc3 17. Bxc3 Qe7 18. c5 e3 19. Bc4+ Kh8 20. Nf1 exf2+ 21. Qxf2 Ba4
22. Bb3 Bc6 23. Bc2 Rfd8 24. h3 Be4 25. Rxd8+ Rxd8 26. Re1 h6 27. Ng3 Kh7 28.
Nxf5 gxf5 29. Qxf5+ Kh8 30. Bxe4 Nxe4 31. Bxg7+ Qxg7 32. Qxe4 Rf8 33. Qe5 Rf6
34. Kh2 Kh7 35. Qe4+ Kh8 36. Re3 Rg6 37. Re2 Rg5 38. g4 Qc7+ 39. Kg2 Rg7 40.
Qe8+ Kh7 41. Qe5 Qd7 1-0

[Event "Xtracon Chess Open 2016"]
[Site "Helsingor DEN"]
[Date "2016.07.24"]
[Round "3.14"]
[White "Marin, Mihail"]
[Black "Rostgaard, Tobias Valentin"]
[Result "1-0"]
[WhiteTitle "GM"]
[WhiteElo "2576"]
[BlackElo "2287"]
[WhiteFideId "1200020"]
[BlackFideId "1408801"]
[EventDate "2016.07.23"]

1. d4 d5 2. c4 e6 3. Nf3 c5 4. cxd5 exd5 5. g3 Nc6 6. Bg2 Nf6 7. O-O Be7 8. Nc3
O-O 9. Bg5 c4 10. Ne5 Be6 11. f4 h6 12. Bh4 Ng4 13. Bxe7 Nxe7 14. Qd2 Nxe5 15.
fxe5 Qd7 16. e4 Rfd8 17. Rad1 Rac8 18. Qf2 b5 19. a3 a5 20. exd5 Nxd5 21. Qe1
Nxc3 22. bxc3 Qe7 23. Qf2 Bd5 24. Rb1 Bxg2 25. Kxg2 Rd5 26. Qf3 Rcd8 27. Rf2 Qd7
28. Qf5 Qe7 29. Qf3 Qd7 30. Rbf1 Rf8 31. Qe4 Qe6 32. Rf6 gxf6 33. Rxf6 Qxf6 34.
exf6 Rfd8 35. Qf4 Kh7 36. Qg4 Rg5 37. Qe4+ Kg8 38. h4 Rgd5 39. Qg4+ Kf8 40. Qg7+
Ke8 41. Qg8+ Kd7 42. Qxf7+ Kc6 1-0

[Event "Xtracon Chess Open 2016"]
[Site "Helsingor DEN"]
[Date "2016.07.24"]
[Round "3.15"]
[White "Haldorsen, Benjamin"]
[Black "Brunello, Sabino"]
[Result "0-1"]
[WhiteTitle "FM"]
[BlackTitle "GM"]
[WhiteElo "2283"]
[BlackElo "2567"]
[WhiteFideId "1512633"]
[BlackFideId "813613"]
[EventDate "2016.07.23"]

1. e4 e5 2. Nf3 Nc6 3. Bb5 a6 4. Ba4 Nf6 5. O-O Be7 6. Re1 b5 7. Bb3 d6 8. c3
O-O 9. h3 Bb7 10. d4 Re8 11. Ng5 Rf8 12. Nf3 Nd7 13. Nbd2 exd4 14. cxd4 Bf6 15.
Nf1 Re8 16. Ng3 g6 17. a4 Na5 18. axb5 axb5 19. Bc2 Nc4 20. Rxa8 Qxa8 21. b3 Na3
22. Bd3 b4 23. Bb2 c5 24. Qd2 Bg7 25. Ra1 Nf8 26. dxc5 Bxb2 27. Qxb2 dxc5 28.
Rc1 Qd8 29. Bf1 Ne6 30. Ne1 h5 31. f3 Qg5 32. Nh1 Rd8 33. Nd3 Ba6 34. Nhf2 Bxd3
35. Bxd3 Nf4 36. Bf1 Rd2 37. h4 Nh3+ 0-1

[Event "Xtracon Chess Open 2016"]
[Site "Helsingor DEN"]
[Date "2016.07.24"]
[Round "3.17"]
[White "Lenaerts, Lennert"]
[Black "Gretarsson, Hjorvar Steinn"]
[Result "0-1"]
[WhiteTitle "FM"]
[BlackTitle "GM"]
[WhiteElo "2259"]
[BlackElo "2550"]
[WhiteFideId "211435"]
[BlackFideId "2302241"]
[EventDate "2016.07.23"]

1. d4 d6 2. c4 e5 3. d5 f5 4. e4 Nf6 5. exf5 Bxf5 6. Nc3 g6 7. Nge2 Qd7 8. f3 h5
9. Ng3 Na6 10. Bg5 Be7 11. c5 O-O 12. c6 Qc8 13. Nxf5 gxf5 14. cxb7 Qxb7 15. Qd3
Nc5 16. Qxf5 Rf7 17. Qc2 e4 18. Bc4 Ng4 19. Bxe7 exf3 20. gxf3 Rxe7+ 21. Be2 Ne3
22. Rg1+ Rg7 23. Rxg7+ Kxg7 24. Qd2 Re8 25. Kf2 Qb4 26. Kg1 Qf4 27. Kh1 Re5 28.
Rg1+ Kf7 29. Nb5 Rxd5 30. Qc3 Rg5 31. Nxc7 Ne4 32. Qe1 h4 33. Rxg5 Nxg5 34. Qc3
h3 35. Qb3+ Kg7 36. Qb7 Kh6 37. Ne8 Nf5 38. Qd5 Qc1+ 39. Qd1 Qc5 40. Nf6 Nd4 41.
Ng4+ Kg7 42. Ne3 Ndxf3 43. Bxf3 Qxe3 44. Bd5 Kf6 45. Qg1 Qd2 46. Ba8 d5 47. Bc6
Nf3 48. Qa1 Qg2# 0-1

[Event "Xtracon Chess Open 2016"]
[Site "Helsingor DEN"]
[Date "2016.07.24"]
[Round "3.18"]
[White "Burmakin, Vladimir"]
[Black "Taylor, Adam C"]
[Result "1-0"]
[WhiteTitle "GM"]
[BlackTitle "FM"]
[WhiteElo "2549"]
[BlackElo "2254"]
[WhiteFideId "4105109"]
[BlackFideId "424668"]
[EventDate "2016.07.23"]

1. d4 Nf6 2. Nf3 d5 3. c4 e6 4. g3 Be7 5. Bg2 O-O 6. Qc2 a6 7. Nbd2 Nbd7 8. O-O
c6 9. Nb3 Ra7 10. Bf4 Re8 11. Rfc1 Nf8 12. Bd2 Bd6 13. Ba5 Bc7 14. Bxc7 Qxc7 15.
Nc5 b6 16. Nd3 Qb8 17. Nfe5 Bd7 18. Nb4 Qa8 19. Qa4 c5 20. Nxd7 N8xd7 21. Nc6
Rc7 22. Ne5 b5 23. Qa5 Rcc8 24. Nxd7 Nxd7 25. cxb5 axb5 26. Qxa8 Rxa8 27. dxc5
b4 28. e4 d4 29. e5 Rac8 30. c6 Nxe5 31. f4 Ng4 32. Bf3 Ne3 33. Rc5 Rc7 34. Kf2
Rb8 35. Ke2 Kf8 36. b3 Ke7 37. Kd3 Kd6 38. Ra5 Rb6 39. Rc1 Nf5 40. Rc4 h5 41.
Ra4 1-0

[Event "Xtracon Chess Open 2016"]
[Site "Helsingor DEN"]
[Date "2016.07.24"]
[Round "3.19"]
[White "Jacobsen, Mikkel Manosri"]
[Black "Svane, Rasmus"]
[Result "0-1"]
[WhiteTitle "FM"]
[BlackTitle "IM"]
[WhiteElo "2245"]
[BlackElo "2549"]
[WhiteFideId "1444514"]
[BlackFideId "4657101"]
[EventDate "2016.07.23"]

1. d4 Nf6 2. c4 e6 3. Nf3 d5 4. cxd5 exd5 5. Nc3 c6 6. Bg5 Be7 7. e3 Bf5 8. Bd3
Bxd3 9. Qxd3 Nbd7 10. O-O O-O 11. Rab1 a5 12. Rfc1 Ne4 13. Bxe7 Qxe7 14. Nd2 f5
15. Ne2 Rf6 16. Nf1 Rh6 17. f3 Nd6 18. a4 Re6 19. b3 g5 20. Rb2 Re8 21. Rcc2 Qf6
22. Qc3 Ra8 23. Qd2 Re7 24. Rb1 Re6 25. Re1 Qe7 26. Rb1 h6 27. Nc1 Qf6 28. Nd3
f4 29. Nc5 Nxc5 30. dxc5 fxe3 31. Nxe3 Nf5 32. Nxf5 Qxf5 33. Rcc1 Rae8 34. Re1
g4 35. fxg4 Qxg4 36. Rxe6 Rxe6 37. Rb2 Kg7 38. g3 Rf6 39. b4 Qf5 40. Qe1 d4 41.
bxa5 Rf7 42. Qd1 d3 43. Kg2 Kg6 44. Rb4 Qd5+ 45. Kh3 Rf5 46. Rg4+ Kf7 47. Rf4
Rxf4 48. gxf4 Qe4 49. Kg3 Qe3+ 50. Kg2 d2 51. Qh5+ Kg7 52. Qg4+ Kf6 53. Qh4+ Kf5
54. Qxh6 Qe2+ 55. Kg3 Qg4+ 0-1

[Event "Xtracon Chess Open 2016"]
[Site "Helsingor DEN"]
[Date "2016.07.24"]
[Round "3.20"]
[White "Andersen, Mads"]
[Black "Roe, Simon J"]
[Result "1-0"]
[WhiteTitle "GM"]
[WhiteElo "2525"]
[BlackElo "2238"]
[WhiteFideId "1413864"]
[BlackFideId "401471"]
[EventDate "2016.07.23"]

1. c4 c5 2. Nf3 Nf6 3. Nc3 e6 4. g3 b6 5. Bg2 Bb7 6. O-O d6 7. d4 cxd4 8. Qxd4
a6 9. Bg5 Nbd7 10. Qd2 Qc7 11. Bf4 Nc5 12. Rfd1 Rd8 13. b4 Nce4 14. Nxe4 Nxe4
15. Qc2 Be7 16. Nd4 Nf6 17. Qa4+ Rd7 18. Nc6 e5 19. Bc1 O-O 20. b5 axb5 21. cxb5
Ra8 22. Qb3 d5 23. Bg5 Bxc6 24. Bxf6 Bxf6 25. bxc6 Rd6 26. Bxd5 Rad8 27. Rab1
Be7 28. Qxb6 Qxb6 29. Rxb6 Rxd5 30. Rxd5 Rxd5 31. c7 1-0

[Event "Xtracon Chess Open 2016"]
[Site "Helsingor DEN"]
[Date "2016.07.24"]
[Round "3.21"]
[White "Dahl, Trygve"]
[Black "Schandorff, Lars"]
[Result "1/2-1/2"]
[BlackTitle "GM"]
[WhiteElo "2233"]
[BlackElo "2521"]
[WhiteFideId "1513427"]
[BlackFideId "1400070"]
[EventDate "2016.07.23"]

1. e4 e5 2. f4 exf4 3. Bc4 d5 4. Bxd5 Nf6 5. Nc3 Bb4 6. Nf3 O-O 7. O-O Bxc3 8.
dxc3 c6 9. Bb3 Qxd1 10. Rxd1 Nh5 11. Ne5 Be6 12. Bxe6 fxe6 13. b3 Nf6 14. Ba3
Re8 15. Rd4 Na6 16. Re1 Rad8 17. Bc1 Nc5 18. Bxf4 Rxd4 19. cxd4 Ncxe4 20. Nd7
Nc3 21. Bd2 Nxd7 1/2-1/2

[Event "Xtracon Chess Open 2016"]
[Site "Helsingor DEN"]
[Date "2016.07.24"]
[Round "3.22"]
[White "Tryggestad, Andreas Garberg"]
[Black "Schroeder, Jan-Christian"]
[Result "0-1"]
[BlackTitle "GM"]
[WhiteElo "2216"]
[BlackElo "2507"]
[WhiteFideId "1513338"]
[BlackFideId "24662259"]
[EventDate "2016.07.23"]

1. e4 e5 2. Nf3 Nc6 3. Bb5 g6 4. d4 exd4 5. Bg5 f6 6. Bf4 Bg7 7. O-O Nge7 8.
Nxd4 O-O 9. Nc3 Kh8 10. Bc4 f5 11. Nxc6 Nxc6 12. exf5 d6 13. f6 Qxf6 14. Nd5 Qf7
15. Bxd6 cxd6 16. Nb6 Qf4 17. Nxa8 Be5 18. g3 Qxc4 19. Nc7 Bh3 20. Re1 Bd4 21.
Kh1 Ne5 22. Rxe5 dxe5 0-1

[Event "Xtracon Chess Open 2016"]
[Site "Helsingor DEN"]
[Date "2016.07.24"]
[Round "3.23"]
[White "Rasmussen, Allan Stig"]
[Black "Rosenkilde, Alexander"]
[Result "1-0"]
[WhiteTitle "GM"]
[WhiteElo "2504"]
[BlackElo "2211"]
[WhiteFideId "1406000"]
[BlackFideId "1408488"]
[EventDate "2016.07.23"]

1. c4 Nf6 2. Nc3 e6 3. e4 c5 4. e5 Ng8 5. Nf3 Nc6 6. d4 cxd4 7. Nxd4 Nxe5 8.
Ndb5 a6 9. Nd6+ Bxd6 10. Qxd6 f6 11. Be3 Ne7 12. Bb6 Nf5 13. Qc5 d6 14. Qa5 Qd7
15. f4 Nf7 16. Bd3 Ne7 17. O-O-O O-O 18. Rhe1 f5 19. Be2 Nc6 20. Qa3 Qe7 21. g3
Bd7 22. Bh5 Qf6 23. Bxf7+ Rxf7 24. Nb5 d5 25. Kb1 d4 26. Nd6 Rff8 27. Nxb7 Rab8
28. Nc5 Bc8 29. Bc7 Rb4 30. Qf3 e5 31. fxe5 Qg6 32. e6 Ne7 33. Bd6 Re8 34. Nd7
f4+ 35. Ka1 Rb7 36. gxf4 Nf5 37. Ba3 Ne3 38. Rxe3 dxe3 39. f5 Qg5 40. f6 gxf6
41. Nxf6+ Kh8 42. Nxe8 Bxe6 1-0

[Event "Xtracon Chess Open 2016"]
[Site "Helsingor DEN"]
[Date "2016.07.24"]
[Round "3.24"]
[White "Akdag, Dara"]
[Black "Leenhouts, Koen"]
[Result "1-0"]
[BlackTitle "IM"]
[WhiteElo "2213"]
[BlackElo "2491"]
[WhiteFideId "1413406"]
[BlackFideId "1008439"]
[EventDate "2016.07.23"]

1. d4 Nf6 2. c4 g6 3. Nc3 d5 4. Nf3 Bg7 5. Bg5 Ne4 6. Bh4 Nxc3 7. bxc3 dxc4 8.
Qa4+ Qd7 9. Qxc4 b6 10. e3 Ba6 11. Qb3 Bxf1 12. Kxf1 O-O 13. Ke2 Nc6 14. Rhd1
Na5 15. Qb4 Qg4 16. Qxe7 Qxg2 17. Qd7 1-0

[Event "Xtracon Chess Open 2016"]
[Site "Helsingor DEN"]
[Date "2016.07.24"]
[Round "3.25"]
[White "Zoler, Dan"]
[Black "Ramsdal, Jens Albert"]
[Result "1-0"]
[WhiteTitle "GM"]
[WhiteElo "2484"]
[BlackElo "2204"]
[WhiteFideId "2800705"]
[BlackFideId "1429221"]
[EventDate "2016.07.23"]

1. d4 Nf6 2. c4 g6 3. Nc3 Bg7 4. g3 O-O 5. Bg2 c5 6. Nf3 cxd4 7. Nxd4 Nc6 8. O-O
Ng4 9. e3 d6 10. h3 Nxd4 11. exd4 Nh6 12. Qd3 Nf5 13. d5 Bd7 14. Bd2 Rc8 15.
Rac1 a6 16. Rfe1 b5 17. cxb5 axb5 18. b4 Rc4 19. Nxb5 Bxb5 20. Rxc4 Qa8 21. Qb3
Bxc4 22. Qxc4 Rc8 23. Qb3 Nd4 24. Qd3 Bf6 25. a3 Qa4 26. Rc1 Ra8 27. Rb1 Rb8 28.
Be3 Nb5 29. Rb3 Rc8 30. Bf1 Nc3 31. Qa6 Qxb3 32. Qxc8+ Kg7 33. Qc4 Qd1 34. Qd3
Qxd3 35. Bxd3 Nxd5 36. Bd2 Kf8 37. a4 Ke8 38. a5